000 00747nam a2200205Ia 4500
001 10223
003 GE_BSU
008 181216s||||||||xx |||||||||||||| ||und||
040 _cGE_BSU
080 _a622.341.2(479.22)(092)
100 _aსააკაძე,არჩილ
245 _aშრომაში დაფერფლილი სიჭაბუკე
245 _cრედ.გ.ბერძენიშვილი.მხატვ.ს.მელქაძე
260 _aთბილისი
260 _bსაბჭოთა საქართველო
260 _c1976
300 _a30გვ.ილ.16სმ.
653 _aშრომაში დაფერფლილი სიჭაბუკე
942 _cBK
999 _c43492
_d43492